Electronic devices and circuits / (Record no. 592221)
[ view plain ]
| 000 -LEADER | |
|---|---|
| fixed length control field | 00841nam a22001577a 4500 |
| 003 - CONTROL NUMBER IDENTIFIER | |
| control field | NUST |
| 020 ## - INTERNATIONAL STANDARD BOOK NUMBER | |
| International Standard Book Number | 8131516830 |
| 082 ## - DEWEY DECIMAL CLASSIFICATION NUMBER | |
| Classification number | 621.3815,RAS |
| 100 ## - MAIN ENTRY--PERSONAL NAME | |
| Personal name | H. Rashid, Muhammad |
| 9 (RLIN) | 102246 |
| 245 ## - TITLE STATEMENT | |
| Title | Electronic devices and circuits / |
| Statement of responsibility, etc. | Muhammad H. Rashid, |
| Medium | |
| 260 ## - PUBLICATION, DISTRIBUTION, ETC. | |
| Place of publication, distribution, etc. | Cengage Learning |
| Name of publisher, distributor, etc. | India |
| Date of publication, distribution, etc. | 2014 |
| 300 ## - PHYSICAL DESCRIPTION | |
| Extent | xix, 785 |
| 505 ## - FORMATTED CONTENTS NOTE | |
| Formatted contents note | Introduction to electronic and design (Page-1), Introduction to amplifiers and frequency response (Page-38), Introduction to operational amplifiers (Page-102), Semiconductor Diodes (Page-178), Application of diodes (Page-236), Semiconductors and pn junction (Page-298), Metal oxide semiconductor filed effect tranisitors (Page-344), Bipolar junction transistors and amplifiers (Page-442), Differential amplifiers (Page-572), |
| 650 ## - SUBJECT ADDED ENTRY--TOPICAL TERM | |
| Topical term or geographic name entry element | Electronic devices and circuits |
| 9 (RLIN) | 56104 |
| 942 ## - ADDED ENTRY ELEMENTS (KOHA) | |
| Source of classification or shelving scheme | |
| Koha item type | Book |
| Withdrawn status | Lost status | Source of classification or shelving scheme | Damaged status | Not for loan | Permanent Location | Current Location | Shelving location | Date acquired | Total Checkouts | Full call number | Barcode | Date last seen | Date last checked out | Price effective from | Koha item type | Public note |
|---|---|---|---|---|---|---|---|---|---|---|---|---|---|---|---|---|
| Military College of Signals (MCS) | Military College of Signals (MCS) | General Stacks | 11/02/2022 | 1 | 621.3815,RAS | MCS38218 | 02/25/2026 | 01/27/2026 | 11/02/2022 | Book | Almirah Fresh No.45, Shelf No.3 |
